<?xml version="1.0" encoding="UTF-8"?>
<record
    xmlns:xsi="http://www.w3.org/2001/XMLSchema-instance"
    xsi:schemaLocation="http://www.loc.gov/MARC21/slim http://www.loc.gov/standards/marcxml/schema/MARC21slim.xsd"
    xmlns="http://www.loc.gov/MARC21/slim">

  <leader>01304na  a2200277   4500</leader>
  <controlfield tag="001">24520</controlfield>
  <controlfield tag="003">MIRAKIL</controlfield>
  <controlfield tag="005">20181226104234.0</controlfield>
  <controlfield tag="008">181127b        tu            000 0      </controlfield>
  <datafield tag="041" ind1=" " ind2=" ">
    <subfield code="a">tur</subfield>
  </datafield>
  <datafield tag="082" ind1=" " ind2=" ">
    <subfield code="a">352</subfield>
    <subfield code="b">C3699t 2013</subfield>
  </datafield>
  <datafield tag="090" ind1=" " ind2=" ">
    <subfield code="a">352 C3699t 2013</subfield>
  </datafield>
  <datafield tag="110" ind1=" " ind2=" ">
    <subfield code="a">Cumhuriyet Halk Partisi (CHP)</subfield>
    <subfield code="b">Yerel Y&#xF6;netim Birimi</subfield>
  </datafield>
  <datafield tag="245" ind1=" " ind2=" ">
    <subfield code="a">T&#xFC;rkiye'de muhtarl&#x131;k sistemi</subfield>
    <subfield code="b">muhtarlar ve kat&#x131;l&#x131;mc&#x131; demokrasi</subfield>
    <subfield code="c">CHP Genel Merkezi Yerel Y&#xF6;netimler Birimi</subfield>
  </datafield>
  <datafield tag="246" ind1=" " ind2=" ">
    <subfield code="a">Muhtarlar ve kat&#x131;l&#x131;mc&#x131; demokrasi</subfield>
  </datafield>
  <datafield tag="260" ind1=" " ind2=" ">
    <subfield code="a">Ankara</subfield>
    <subfield code="b">CHP Yerel Y&#xF6;netim Birimi</subfield>
    <subfield code="c">&#x15E;ubat 2013</subfield>
  </datafield>
  <datafield tag="300" ind1=" " ind2=" ">
    <subfield code="a">14 s</subfield>
    <subfield code="b">rnk. res.</subfield>
    <subfield code="c">22 sm.</subfield>
  </datafield>
  <datafield tag="440" ind1=" " ind2=" ">
    <subfield code="a">CHP Yerel Y&#xF6;netimler yay&#x131;nlar&#x131;</subfield>
    <subfield code="p">Raporlar</subfield>
  </datafield>
  <datafield tag="505" ind1=" " ind2=" ">
    <subfield code="a">Muhtar kimdir? - Mahalle nedir? - Mahalle y&#xF6;netiminin tarih&#xE7;esi ve gelenekselden moderne mahalle y&#xF6;netimi - Mahalle y&#xF6;netiminin hukuki durumu - Mahalle y&#xF6;netiminin organlar&#x131; - Muhtarlar&#x131;n g&#xF6;revleri - Muhtarlar&#x131;n &#xF6;zl&#xFC;k haklar -- Mahalle y&#xF6;netiminin temel sorunlar&#x131; - CHP'nin muhtarl&#x131;k sitemine bak&#x131;&#x15F;&#x131;</subfield>
  </datafield>
  <datafield tag="610" ind1=" " ind2=" ">
    <subfield code="a">Cumhuriyet Halk Partisi (CHP)</subfield>
    <subfield code="x">Muhtarlar ve muhtarl&#x131;klar</subfield>
  </datafield>
  <datafield tag="650" ind1=" " ind2=" ">
    <subfield code="a">Yerel y&#xF6;netim</subfield>
    <subfield code="x">Mahalle y&#xF6;netimi</subfield>
    <subfield code="z">T&#xFC;rkiye</subfield>
  </datafield>
  <datafield tag="650" ind1=" " ind2=" ">
    <subfield code="a">Yerel y&#xF6;netimler</subfield>
    <subfield code="x">Muhtarlar ve muhtarl&#x131;klar</subfield>
    <subfield code="z">T&#xFC;rkiye</subfield>
  </datafield>
  <datafield tag="830" ind1=" " ind2=" ">
    <subfield code="a">CHP raporlar&#x131;</subfield>
  </datafield>
  <datafield tag="942" ind1=" " ind2=" ">
    <subfield code="2">ddc</subfield>
    <subfield code="c">BKS</subfield>
  </datafield>
  <datafield tag="040" ind1=" " ind2=" ">
    <subfield code="a">Milas</subfield>
    <subfield code="b">tur</subfield>
    <subfield code="c">TR-AnCHP</subfield>
  </datafield>
  <datafield tag="952" ind1=" " ind2=" ">
    <subfield code="5">1</subfield>
    <subfield code="a">0002</subfield>
    <subfield code="b">0002</subfield>
    <subfield code="d">2018-11-27</subfield>
    <subfield code="l">0</subfield>
    <subfield code="o">352 C3699t 2013</subfield>
    <subfield code="p">P00251</subfield>
    <subfield code="r">2018-11-27 00:00:00</subfield>
    <subfield code="v">0.00</subfield>
    <subfield code="w">2018-11-27</subfield>
    <subfield code="x"> </subfield>
    <subfield code="y">BKS</subfield>
  </datafield>
  <datafield tag="999" ind1=" " ind2=" ">
    <subfield code="c">11782</subfield>
    <subfield code="d">11782</subfield>
  </datafield>
</record>
